[Event "FIDE-Wch k.o."]
[Site "Moscow"]
[Date "2001.11.27"]
[Round "1.4"]
[White "Luther, Thomas"]
[Black "Volkov, Sergey"]
[Result "1-0"]
[WhiteElo "2604"]
[BlackElo "2578"]
[Annotator "Finkel,A"]
[PlyCount "65"]
[EventDate "2001.11.27"]
[EventType "k.o."]
[EventRounds "7"]
[EventCountry "RUS"]
[SourceTitle "CBM 086"]
[Source "ChessBase"]
[SourceDate "2002.02.05"]
[SourceVersion "1"]
[SourceVersionDate "2002.02.05"]
[SourceQuality "1"]

1. e4 e6 2. d4 d5 3. Nc3 Nf6 4. e5 Nfd7 5. f4 c5 6. Nf3 Qb6 7. Be3 a6 (7...
cxd4 $5 8. Bxd4 Bc5 9. Na4 Qa5+ 10. c3 Bxd4 11. Nxd4 Nc6 12. b4 Qd8 13. Bd3 $14
{Apicella,M-Dolmatov,S/Cannes op 1994 (22)}) (7... Qxb2 $6 8. Nb5 cxd4 9. Nc7+
Kd8 10. Bxd4 Bb4+ 11. Kf2 Bc5 12. Nxa8 $16 {Solin,N-Tuominen,R/Stockholm op
1994 (38)} (12. Nxa8 Nc6 13. Bxc5 Nxc5 14. Bd3 $16 {Solin,N-Tuominen,R/
Stockholm op 1994 (38)})) (7... Be7 8. Na4 Qa5+ 9. c3 c4 $6 10. b4 cxb3 11.
axb3 Qc7 12. Bd3 $16 {Mirnik,B-Fischer,C/RLNN 1988 (19)}) 8. Na4 (8. a3) (8.
Qd2 $6 Qxb2 9. Rb1 Qa3 10. f5 Nc6 11. Be2 cxd4 12. Nxd4 Nxd4 13. Bxd4 Bc5 $17 {
Voigt Martin-Gleizerov Evgeny/It (open), Hamburg (Germany) 1995 (25)}) 8... Qc7
(8... Qa5+ 9. c3 cxd4 10. b4 Qc7 11. Qxd4 (11. Bxd4 Nc6 12. Rc1 Nxd4 {1/2-1/2
Luther,T-Gleizerov,E/Cappelle la Grande 1998/CBM 63 ext (12)}) 11... Nc6 (11...
a5 $5 12. b5 b6 13. Be2 Nc5 14. O-O Nbd7 15. Rac1 Bb7 $13 {Jonasson,
B-Thorhallsson,T/ISL-ch 1996 (39)} (15... Bb7 16. Kh1 Be7 $11 {Jonasson
Benedikt-Thorhallsson Throstur/Ch Iceland Gardabaer (Iceland) 1996 (39)})) 12.
Qd2 b5 (12... Be7 13. Bd3 b5 (13... O-O 14. O-O b5 15. Nb2 Nb6 16. a4 $14 {
Vodicka,V-Pachman,L/CZE-chT 9596 1996/1/2-1/2 (57)}) 14. Nb2 a5 15. bxa5 Nxa5
16. O-O Nc4 17. Nxc4 bxc4 18. Bc2 Nc5 $132 {Bezgodov,A-Chigvintsev,A/Tula 1999/
EXT 2000}) 13. Nb2 f6 14. a4 Rb8 15. axb5 axb5 16. Nd4 Nxd4 17. Bxd4 $14 {
Skripchenko Lautier,A-Matveeva,S/Belgrade 1996/EXT 97}) (8... Qc6 9. Nxc5 Nxc5
10. dxc5 Bxc5 11. Bxc5 $6 (11. Qd2 $5 Qb6 (11... Bd7 12. O-O-O Bxe3 13. Qxe3
Qa4 14. Kb1 Nc6 15. Bd3 O-O-O $1 (15... Nb4 16. a3 Nxd3 17. Qxd3 $14) 16. c3 d4
$1 $132 {~/= Luther,T-Piskov,Y/Erfurt 1993 (24)}) 12. Bxc5 Qxc5 13. O-O-O Nc6
14. Kb1 $14 {Ulibin,M-Alavkin,A/RUS-Cup6 1997}) 11... Qxc5 12. Qd2 Nc6 13.
O-O-O Bd7 14. Kb1 O-O-O $5 $132 {Yagupov,I-Ulibin,M/St Petersburg 1998/CBM 67})
9. dxc5 $5 {Possible move, however hardly promising white any opening
advantage.} (9. Qd2 cxd4 10. Nxd4 b5 11. Nc3 Nb6 12. Qf2 N8d7 13. f5 Nc5 14.
Nb3 Nba4 $13 {Stets,D-Volkov,S/Krasnodar 1996/EXT 2000}) 9... Nxc5 10. Nxc5
Bxc5 11. Qd2 Nd7 ({Worse is} 11... Bxe3 12. Qxe3 Nc6 (12... Qxc2 $4 13. Rc1 $18
{[%cal Gc1c8]}) 13. c3 Bd7 14. Bd3 Na5 15. O-O $14 {and white gets steady
positional advantage.}) 12. Bd3 Qb6 13. Bxc5 Nxc5 14. b4 $6 {Dubious decision
permitting black to equalize.} (14. O-O-O Bd7 15. Nd4 O-O 16. g4 Rfc8 17. f5
$14) 14... Nxd3+ 15. cxd3 a5 16. bxa5 Rxa5 ({Not so bad was also} 16... Qxa5
17. Qxa5 Rxa5 18. Kd2 Bd7 19. Rhb1 Bc6 20. Nd4 $14 {and despite minimal
advantage of white black should easily hold this position.}) 17. Qf2 Qa6 18.
O-O Bd7 (18... Qxd3 $5) 19. Nd4 O-O (19... Qxd3) 20. Nb3 Rb5 $2 {Taking
important square from black queen.} (20... Ra3 21. Nc5 Qc6 22. Rfc1 Rfa8 $13)
21. Nc5 Qc6 22. Rfc1 Ra8 $6 23. Na4 $5 Rxa4 {Accepting inevitable! After} (
23... Qa6 24. Nc5 Qc6 25. a4 $1 Rb4 26. Qd2 Rb6 27. Nb3 $18 {white would win a
queen in any case.}) 24. Rxc6 Bxc6 25. f5 $18 Rab4 26. h3 Rb2 27. Qa7 $1 {
Starting an attack against black king.} h6 28. fxe6 fxe6 29. Rf1 Re2 {If black
decides to exchange rooks he is unable to protect his pawn on e6.} (29... Rb1
30. Qb8+ Kh7 31. Qd6 Rxf1+ 32. Kxf1 $18) 30. Rf2 Rb1+ 31. Kh2 Rxe5 32. Qb8+ Kh7
33. Qxe5 1-0

[Event "Vikings GM 1st"]
[Site "York"]
[Date "1999.12.17"]
[Round "5"]
[White "Rowson, Jonathan"]
[Black "Barsov, Alexei"]
[Result "1-0"]
[WhiteElo "2490"]
[BlackElo "2539"]
[Annotator "Finkel,A"]
[PlyCount "99"]
[EventDate "1999.12.13"]
[EventType "tourn"]
[EventRounds "10"]
[EventCountry "ENG"]
[EventCategory "12"]
[SourceTitle "CBM 075"]
[Source "ChessBase"]
[SourceDate "2000.04.05"]
[SourceVersion "1"]
[SourceVersionDate "2000.04.05"]
[SourceQuality "1"]

1. e4 e6 2. d4 d5 3. Nc3 Nf6 4. e5 Nfd7 5. f4 c5 6. Nf3 Nc6 7. Be3 a6 {This is
one of the most complicated and sharp variations in french defense.} 8. Qd2 b5
9. dxc5 Bxc5 10. Bxc5 Nxc5 11. Qf2 Qb6 12. Bd3 b4 13. Ne2 a5 14. O-O Ba6 15.
Kh1 Ne7 {So far everything is 'forced'!Only now black has afew different
options,but the move in the game is probably the most accurate way to play.} (
15... h6 16. Rad1 O-O 17. f5 exf5 18. Nf4 Na4 19. Qg3 Ne7 20. Nh4 Nxb2 21. Nh5
$44 {Mainka,Romuald-Lalic,Bogdan/Bad Mergentheim GER op 1988 (40)}) (15... Bxd3
16. cxd3 {/\ Rac1} Rb8 17. Rad1 $1 O-O 18. Qh4 f6 $5 19. Ng3 Ne7 $2 20. exf6 $1
Ng6 21. Qg4 Rxf6 22. Nh5 Rf7 {Mokry,K-Bruk,O/Haifa 48/390 1989 (42)} 23. Ng5 $1
) (15... Nd7 16. Ned4 Nxd4 17. Nxd4 Bxd3 18. cxd3 O-O 19. Qe3 Rac8 20. Rae1 f6
21. exf6 Rxf6 22. g3 $14 {Herrera,I-Gomez,A/Bayamo (01) ,CBM 18 1990 (59)}) (
15... Rb8 16. Bxa6 Nxa6 17. Qg3 g6 18. f5 exf5 19. Nf4 Ne7 20. Qh4 Nc5 21. Qf6
Qxf6 22. exf6 Ng8 {1/2-1/2 Muller,Karsten-Bezold,Michael/Munster A chy-D (07)
1990}) (15... g6 16. Rac1 Na4 17. Qh4 Qd8 18. Qh6 Qe7 19. Qg7 Qf8 20. Qf6 Nc5
21. Bxa6 Rxa6 22. c4 $16 {Lipka,J-Tibensky,R/Bratislava op (05) ,EXT 92op 1992
(35)}) (15... O-O 16. Bxa6 Rxa6 17. Rad1 Rc8 18. Qe3 $13 {Rebel-Genius2/3/
94-45 Autoplayer T 1994 (32)}) 16. Rfd1 (16. Rad1 Na4 $1 $10 {Nunn,J-Glek,I/
GER/1992/} (16... Na4 17. Qxb6 Nxb6 18. Ned4 (18. b3 O-O (18... Nd7 19. Kg1 Nc5
20. Kf2 $6 Ne4+ 21. Ke1 Nf5 22. Rc1 Ne3 $36 {Riemersma,L-Glek,I/Bussum op 1995}
) 19. Bxa6 (19. Ned4 Nd7 20. g4 Ng6 21. Ne1 Nc5 22. Bxa6 Rxa6 23. Nd3 Rc8 24.
Rde1 $13 {Zelcic,R-Kovacevic,B/Ljubljana op 1998}) 19... Rxa6 20. a3 $1 Nd7 21.
Ra1 Raa8 22. Ra2 Nc5 23. Rfa1 Rac8 24. axb4 axb4 25. Ned4 g6 26. Ra5 $16 {
Macieja,B-Horvath,C/Krynica zt 1998}) (18. Rf2 $6 Na4 19. Rb1 Nc5 20. Bxa6 Rxa6
21. Ned4 g6 22. Kg1 Ne4 $11 {Mueller,M-Ellers,H/BL9697}) 18... Na4 19. Rb1 Nc5
(19... O-O 20. Kg1 Rfc8 21. Kf2 Rc7 22. g4 g6 23. Ke3 Nc5 24. h4 $36 {Nunn,
J-Glek,I/BL9293}) 20. Rfd1 O-O 21. Kg1 a4 22. Kf2 Rfb8 $13 {Vehi Bach,V-Glek,I/
Biel op MTO 1997})) (16. Ng3 Na4 (16... g6 17. Ne2 Rb8 18. Bxa6 Nxa6 19. Ned4
Nc5 (19... Nc6 20. Nxc6 Qxc6 21. Nd4 Qb6 22. g4 Nc5 23. Rad1 Ne4 24. Qh4 Rc8
$132 {Cladouras,P-Naiditsch,A/Budapest FS04 GM 1998}) 20. Qh4 Ne4 21. Rad1 h6
22. Ng5 $1 $36 {Lutz,C-Glek,I/BL9596}) 17. Nd4 g6 18. Rae1 Nxb2 19. Bxa6 Rxa6
20. f5 $1 exf5 21. e6 $40 {Blatny,P-Glek,I/Vienna op 1996}) (16. Bxa6 Rxa6 17.
Ned4 Ne4 18. Qe3 g6 $5 $13 ({Another possibility was} 18... O-O $5 19. Rad1 $6
a4 20. Nd2 Nxd2 21. Rxd2 a3 22. b3 Rc8) 19. Rad1 Nc6 20. Ng5 $5 Nxg5 21. fxg5
Nxd4 22. Rxd4 Ra7 $6 $11 {Thorhallsson,T-Nijboer,F/VISA GP 1998}) (16. Nd2 $5
Rb8 $6 17. Bxa6 Nxa6 18. Nd4 $14 Nc5 19. Rae1 Nc6 $6 20. f5 $1 $36 Nxd4 21.
Qxd4 $16 {Socko,B-Haimovich,T/EUCup f 1997 (60)}) (16. h3 h6 17. Rad1 O-O 18.
g4 Na4 19. Qxb6 Nxb6 20. b3 Nd7 21. Kh2 Rfc8 22. Ned4 $14 {Nijboer,F-Kuijf,M/
NLD-ch,1996}) (16. Rac1 Rc8 17. f5 $5 exf5 18. Nh4 g6 19. g4 d4 20. Bxa6 Qxa6
21. gxf5 Ne4 22. Qg2 Nd2 $13 {Elburg,J-Rydholm,L/cr K.Betinsch ,CYB 14 1994 
(40)}) (16. b3 h6 17. Ng3 (17. Rad1 O-O 18. g4 Rfb8 19. Nfd4 Ne4 20. Qe3 Nc6
21. Rg1 $36 {Skripchenko,A-Piskov,Y/Recklinghaus 1996}) 17... g6 18. Qd2 $6 Nf5
$1 19. Nxf5 gxf5 $17 {Renet,O-Glek,I/FRA-GER Clichy ,CBM 50 1995 (52)}) 16...
h6 (16... Na4 $6 17. Qxb6 Nxb6 18. b3 {/\a3!/}) 17. Ng3 {This move seems to be
the novelty.The idea is to cause black to weakenhis kingside and the to attack
the position of black king...} (17. Ned4 O-O 18. Qh4 $6 (18. Nb3 $32 $10) 18...
Ra7 $1 19. g4 $6 (19. Qe1 $15) 19... Ng6 $17 {Mainka,R-Glek,I/Recklinghausen
1995}) 17... g6 $5 18. Ne2 h5 19. Ned4 (19. Bxa6 $5 Rxa6 20. a3 Ne4 (20... b3
21. Ned4) 21. Qxb6 Rxb6 22. Kg1 O-O (22... bxa3 23. b3) 23. axb4 axb4 24. Ned4
$14 {[%csl Rb4]}) 19... Na4 20. Rab1 Bxd3 21. cxd3 Rc8 22. Rd2 (22. Rbc1 Kd7
23. Kg1 Rxc1 24. Rxc1 Rc8 $11) 22... Rc7 23. Re1 Kd7 $1 $11 {Here the king
feels safe.It's clear that black has managed to solve opeing problems.} 24. Qh4
$5 Rhc8 25. b3 (25. Qf6 Rc1 26. Rg1 Ke8 (26... Rxg1+ 27. Kxg1 Rc1+ 28. Kf2 Rb1
$6 29. b3 $14) 27. Qh8+ Kd7 28. Qf6 $11) 25... Nc3 26. Qf6 Rf8 27. h3 Rcc8 28.
g4 $2 {Without this move the position would remain equal,but white wants more
and finds himself in troubles.} Rh8 $1 29. Kg2 (29. Qxf7 $2 Rcf8 30. Qg7 Rhg8
31. Qh6 hxg4 $19 {[%csl Rd4][%cal Gg8h8,Gh8h1]}) 29... Rcf8 30. Rc1 Rh7 31. a4
$5 hxg4 32. hxg4 Rfh8 $15 {[%csl Rg2]} 33. Rdc2 Ng8 (33... Qa6 34. Rd2) 34. Qg5
Qxd4 $4 {Suicide!I don't know what exactly white has missed,but now white is
just a queen up and black gets nothing in return.After logical} (34... Ne7 $1
35. Rd2 Nc6 36. Nxc6 (36. Nc2 d4 $36 {[%cal Gb6c5,Gc5d5,Gh7h2]}) 36... Qxc6 $17
{[%cal Gd5d4,Gh7h2] white is in serious troubles}) 35. Nxd4 $18 Rh2+ 36. Kg1
Rh1+ 37. Kf2 R1h2+ 38. Ke3 R8h3+ 39. Nf3 d4+ 40. Kxd4 Rxc2 41. Rxc2 Rxf3 42.
Rh2 $5 (42. Rxc3 $6 bxc3 43. Kxc3 Ne7 44. Kc4 Nd5 $18) 42... Ne7 43. Rh7 Kc6
44. Rh8 (44. Qxe7 $4 Rxf4+ 45. Ke3 Nd5+ $19 {[%cal Gd5e7,Gd5e3]}) 44... Ncd5 {
[%csl Rd4]} (44... Ned5 45. Rc8+ Kb7 46. Qd8 Rxf4+ 47. Kc5 $18) 45. Re8 $1 Kd7
(45... Rxf4+ 46. Qxf4 Nxf4 47. Rxe7 $18) 46. Rxe7+ Nxe7 47. Qf6 g5 48. f5 Nc6+
49. Ke4 Rf4+ 50. Ke3 1-0

[Event "RUS-ch KO"]
[Site "Moscow"]
[Date "1999.12.27"]
[Round "6.3"]
[White "Bezgodov, Alexei"]
[Black "Sakaev, Konstantin"]
[Result "0-1"]
[WhiteElo "2576"]
[BlackElo "2648"]
[Annotator "Finkel,A"]
[PlyCount "80"]
[EventDate "1999.12.04"]
[EventType "k.o."]
[EventRounds "6"]
[EventCountry "RUS"]
[SourceTitle "CBM 075"]
[Source "ChessBase"]
[SourceDate "2000.04.05"]
[SourceVersion "1"]
[SourceVersionDate "2000.04.05"]
[SourceQuality "1"]

1. e4 e6 2. d4 d5 3. Nc3 Nf6 4. e5 Nfd7 5. Nce2 $5 {Interesting variation,
which used to be the part of Shirov's opening repertouar.} c5 6. c3 cxd4 7.
cxd4 f6 8. Nf4 $5 ({Nothing promises} 8. exf6 Nxf6 9. Nf3 Nc6 (9... Bd6 10. g3
Nc6 11. Bg2 O-O 12. O-O Qb6 13. Rb1 Bd7 14. Bf4 Ne4 $132 {Bologan,V-Glek,I/
BL9293}) 10. Nc3 Bd6 11. Bb5 (11. Bd3 O-O 12. Bg5 Qe8 13. Qd2 $6 Nh5 14. Ne2 $5
(14. Qc2) 14... e5 $1 $36 {[%cal Ge8e2] Nijboer,F-Glek,I/Hoogovens-B 1999}) (
11. Be2 O-O 12. O-O h6 13. h3 Bd7 14. Be3 Qe7 15. Re1 g5 $5 $132 {Hort,V-Knaak,
R/BL9697}) 11... O-O 12. O-O Qc7 13. h3 Bd7 14. Re1 Rae8 15. Be3 a6 16. Bf1 Qb8
17. a3 Re7 $132 {Lau,R-Gleizerov,E/Dresden op 1994}) (8. f4 $146 fxe5 9. dxe5 (
9. fxe5 Bb4+ 10. Kf2 O-O+ 11. Nf3 Nc6 12. Be3 $13) 9... Nc6 10. Nf3 Bb4+ 11.
Nc3 (11. Bd2 Nc5 12. Bxb4 Nxb4 13. Nc3 O-O 14. a3 Nc6 15. g3 Qb6 16. b4 Nxb4
17. axb4 Qxb4 18. Rc1 Nb3 $17) 11... Nc5 12. Be3 Qa5 13. Qc2 O-O 14. Rc1 $2 (
14. a3 Ne4 15. Rc1 Bxc3+ 16. bxc3 $13) 14... d4 $1 $17 {Shirov,A-Ivanchuk,V/
Tilburg 1993}) 8... Bb4+ 9. Bd2 Qb6 (9... Bxd2+ 10. Qxd2 Qe7 11. exf6 Nxf6 12.
Bd3 Nc6 13. Nge2 O-O 14. O-O Bd7 15. a3 (15. Rad1 Qd6 16. Bb1 Rae8 17. Nd3 e5
18. dxe5 Nxe5 19. Nxe5 Rxe5 20. Nc3 $14 {Morozevich,A-Moskalenko,V/Moscow m
1994}) 15... Qd6 16. Rad1 Rf7 17. Bb1 Re8 18. f3 Rfe7 19. Nd3 $14 {Sax,G-Glek,
I/BL9293}) 10. Bxb4 (10. exf6 Nxf6 11. Qa4+ Nc6 12. Bxb4 Qxb4+ 13. Qxb4 Nxb4
14. Bd3 O-O 15. a3 Nh5 $5 $13 {Vukovic,Z-Piskov,Y/JUG-chT 1994}) 10... Qxb4+
11. Qd2 Qxd2+ 12. Kxd2 Ke7 13. exf6+ $6 {I know that it sounds strange and
hard to believe,but after this natural move I don't see how white manages to
equalize!So better was} (13. Nf3 Nc6 $5 (13... fxe5 14. Nxe5 (14. dxe5 Nc6 15.
Nd3 Rf8 16. Be2 b6 17. Rac1 Bb7 $132) 14... Nxe5 15. dxe5 Nc6 16. Nd3 Bd7 17.
f4 Be8 18. Rc1 Rf8 19. g3 $14 {and white has slighly better chanses.})) 13...
gxf6 14. Re1 $5 (14. Nf3 $6 Kd6 {[%cal Ge6e5]}) 14... Nb6 15. Bd3 ({May be
batter was} 15. Nf3 Nc6 16. Bb5 Bd7 17. Bxc6 bxc6 18. b3 Kd6 19. Nd3 a5 $15 {
,but who wants to play this position!}) 15... Nc6 16. Nf3 Kd6 $1 {[%cal Ge6e5]}
17. Nh5 Rf8 18. Bxh7 e5 $36 {The main problem of white is lack of coordination
between the pieces,and till the end of the game white didn't manage to change
it!} 19. Ng3 (19. dxe5+ $6 fxe5 {[%csl Rf2][%cal Gf8f2,Gf8h8]}) 19... e4 20.
Nh4 Nxd4 21. f3 $8 ({Nothing changes} 21. Ngf5+ Bxf5 22. Nxf5+ (22. Bxf5 Rh8
23. Kc3 Nb5+ 24. Kb4 Rxh4 25. Kxb5 Rf4 $19) 22... Nxf5 (22... Ke5 $4 23. f4+
$18) 23. Bxf5 Ke5 {[%csl Rf5]} 24. g4 Nc4+ 25. Kc2 Nd6 $17) 21... Rh8 $1 22.
Nhf5+ Bxf5 23. Nxf5+ Ke5 $1 {Sakaev's play in this game is an example of
accuracy and fantastic technique!} 24. Nxd4 (24. f4+ Kxf4 25. Nxd4 Rxh7 26.
Rhf1+ Ke5 $17) 24... Kxd4 $17 25. Bf5 Nc4+ 26. Ke2 $8 (26. Kc1 Ne3 27. fxe4
dxe4 28. Bh3 Kd3 $1 $17) 26... Rag8 $1 27. Rd1+ (27. g4 Rh3 $1) (27. fxe4 Rxg2+
28. Kf3 Rhg8 $19 {[%csl Rf3][%cal Gc4d2,Gc4e5]}) (27. g3) 27... Ke5 28. g4 Rh3
$1 29. fxe4 Re3+ $1 30. Kf2 dxe4 31. Rd7 (31. Rhe1 Rf3+ (31... Rh8 $2 32. Rxe3
Rxh2+ 33. Kg3 Nxe3 34. Re1 {[%csl Re3,Rh2]}) 32. Ke2 Rh8 $19) 31... Kf4 32. Re1
Rh8 33. Bh7 (33. Rh7 Rxh7 34. Bxh7 Ne5 $1 35. Rxe3 Nxg4+ 36. Ke2 Nxe3 $19)
33... Ne5 $1 $19 {The last touch!} 34. Rxe3 Nxg4+ 35. Ke2 Nxe3 36. Rxb7 Nf5 $1
(36... Rc8 $2 37. Bxe4 $11) 37. Rxa7 (37. Bxf5 Rxh2+ 38. Ke1 Kxf5 39. Rxa7 Rxb2
40. a4 Kf4 $19) 37... Nd4+ 38. Kd1 Rd8 {[%cal Ge4e2]} 39. Rf7 f5 40. Kc1 e3 0-1

[Event "Monarch Assurance 08th"]
[Site "Port Erin"]
[Date "1999.11.06"]
[Round "1"]
[White "Paschall, William M"]
[Black "Kiriakov, Petr"]
[Result "1/2-1/2"]
[WhiteElo "2332"]
[BlackElo "2554"]
[Annotator "Finkel,A"]
[PlyCount "85"]
[EventDate "1999.11.06"]
[EventType "swiss"]
[EventRounds "9"]
[EventCountry "IOM"]
[SourceTitle "CBM 074"]
[Source "ChessBase"]
[SourceDate "2000.02.01"]
[SourceVersion "1"]
[SourceVersionDate "2000.02.01"]
[SourceQuality "1"]

1. e4 e6 2. d4 d5 3. Nc3 Nf6 4. e5 Nfd7 5. f4 c5 6. Nf3 Nc6 7. Be3 a6 8. Qd2 b5
9. Be2 b4 (9... Qb6 10. Nd1 $5 f6) 10. Nd1 Qb6 11. O-O cxd4 (11... a5 12. c4
cxd4 13. Nxd4 Nxd4 14. Bxd4 Bc5 15. Bxc5 Qxc5+ 16. Nf2 dxc4 {Gipslis,
A-Cichocki,A/MK Cafe op 1998}) (11... Be7 12. Nf2 O-O 13. Kh1 a5 14. Rg1 Ba6
15. Bd1 cxd4 16. Nxd4 Bc5 17. c3 bxc3 18. bxc3 Nxd4 19. Bxd4 Rab8 $11 {
Schoenfeld,S-Helbig,J/Chemnitz op 1997}) 12. Nxd4 Nxd4 13. Bxd4 Qxd4+ {Very
solid variation which has,however,one big disadvantage-black doesn't have the
slightest chanse to win the game.} (13... Bc5 14. c3 $14 (14. Bf2 O-O 15. Kh1
Bb7 16. Bf3 Rac8 17. Ne3 a5 18. Rae1 Qc7 $13 {Blom,G-Goormachtigh,J/Haarlem
AKN op 1998})) 14. Qxd4 Bc5 15. c3 (15. Qf2 Bxf2+ 16. Nxf2 Ke7 17. a3 Rb8 18.
axb4 Rxb4 $132 {Hofmair,K-Reschun,S/AUT-chT2O 9798}) 15... bxc3 16. bxc3 (16.
Qxc5 Nxc5 17. Nxc3 Rb8 18. Rab1 d4 19. b4 dxc3 20. bxc5 Rxb1 21. Rxb1 Ke7 22.
Rc1 Rd8 $10) 16... Ke7 17. Rb1 (17. Ne3 Bxd4 18. cxd4 a5 19. Rac1 Ba6 20. Bxa6
Rxa6 21. f5 $5 Rb8 22. Ng4 $1 $14 {De Firmian,N-Dreev,A/Manila izt 1990}) 17...
a5 18. Nf2 Bxd4 19. cxd4 Ba6 20. Bxa6 Rxa6 21. Rfc1 Rha8 (21... Raa8 $5) 22.
Nd3 Kd8 23. Nc5 ({Black doesn't have serious problems also after} 23. g4 Rc8 (
23... Rb6 $6 24. Rxb6 Nxb6 25. Rb1 Nc4 (25... Rb8 26. Rb5 a4 27. Nc5 a3 {
[%csl Ra3]} 28. Kf2 $16) 26. Rb7 Ke8 27. Kf2 $14) 24. Rxc8+ Kxc8 25. Rc1+ Kd8
26. Nc5 Nxc5 27. Rxc5 a4 $11) 23... Nxc5 24. Rxc5 R6a7 $1 {Taking the seventh
rank under control befor changing the rooks.} (24... Rc8 $6 25. Rb7 Rxc5 26.
dxc5 Ke8 $6 (26... Rc6 $1 27. Rb5 $5 (27. Rxf7 Rxc5 (27... Rc7 $6 28. Rxc7 Kxc7
29. Kf2 Kc6 30. f5 exf5 31. e6 f4 32. h4 $1 $18 {[%csl Rf4][%cal Gc5c6,Ge6e7]})
28. Rxg7 h5 $132 {[%csl Ra2]}) 27... a4 28. Ra5 $1 {[%csl Ra4,Rc6]} (28. Kf2 $6
Kc7 29. Ke3 Ra6 $1 30. Kd4 a3 31. Rb4 h5) 28... Kd7 29. Kf2 Rc7 30. Ke3 Kc6 31.
Kd4 $16) 27. a4 $5 $16 {[%cal Gg1d4,Gg2g4,Gf4f5]}) 25. a4 Rc8 26. Rbb5 Rxc5 27.
Rxc5 g6 28. Kf2 Ke7 29. g4 {[%cal Gf2h4,Gh4g5]} h6 $5 {Making the penitration
of white king impossible.} 30. f5 Kd7 31. Rb5 (31. Ke3 Ke7 32. h4 Kd7 33. h5
gxh5 34. gxh5 Ra8 35. Kf4 Ra6 36. fxe6+ fxe6 37. Rc1 Rb6 38. Rg1 Rb4 $132)
31... Kc7 32. h4 Ra8 33. Ke3 Kc6 34. h5 gxf5 (34... g5 $5 35. Kd3 Kc7 36. Rb1
Rb8 37. Rf1 Rb3+ 38. Kc2 Rb4 39. fxe6 fxe6 40. Rf6 Rxd4 41. Rxe6 Rxg4 42. Rxh6
Rxa4 43. Rg6 Rh4 $11) 35. gxf5 Kc7 36. fxe6 ({Also after} 36. f6 Kd7 $1 {
[%csl Rf7]} 37. Rb1 Ke8 38. Rg1 Kf8 39. Rg7 Rb8 40. Rh7 Kg8 $11 {black is just
on time to hold the position.}) 36... fxe6 37. Rc5+ Kd7 38. Kd3 Ra6 39. Rc1 Rb6
40. Rc5 Ra6 41. Rb5 Kc7 42. Rb1 Rb6 43. Rxb6 (43. Rg1 Rb3+ 44. Kc2 Rb4 45. Rg6
Kd7 46. Rxh6 Rxd4 $132) 1/2-1/2

[Event "Julian Borowski-B 4th"]
[Site "Essen"]
[Date "2002.05.17"]
[Round "2"]
[White "Tischbierek, Raj"]
[Black "De Gleria, Francesco"]
[Result "1-0"]
[WhiteElo "2540"]
[BlackElo "2419"]
[Annotator "Finkel,A"]
[PlyCount "49"]
[EventDate "2002.05.16"]
[EventType "tourn"]
[EventRounds "9"]
[EventCountry "GER"]
[EventCategory "16"]
[SourceTitle "CBM 090"]
[Source "ChessBase"]
[SourceDate "2002.09.20"]
[SourceVersion "1"]
[SourceVersionDate "2002.09.20"]
[SourceQuality "1"]

1. e4 e6 2. d4 d5 3. Nc3 Nf6 4. e5 Nfd7 5. f4 c5 6. Nf3 Nc6 7. Be3 a6 8. Qd2 g6
$6 {Very rare variation which can hardly recommended for use!} (8... c4 9. f5
h6 10. fxe6 fxe6 11. g3 Be7 12. Bh3 b5 13. O-O Nb6 14. a4 bxa4 15. Nxa4 Nxa4
16. Rxa4 Bd7 17. Raa1 $16 {Pcola,J-Fabik,T/Bratislava 1991}) (8... Qb6 9. O-O-O
c4 10. Bxc4 $1 dxc4 11. d5 Qc7 12. dxc6 Qxc6 13. f5 Qc7 14. fxe6 fxe6 15. Ng5
$40 {Wojtkiewicz,A-Drasko,M/Polanica Zdroj 1988}) 9. O-O-O (9. Be2 b5 10. a3 (
10. Nd1 Bb7 11. Nf2 h5 12. O-O c4 13. Nh3 Be7 14. Nhg5 Nf8 15. b3 $14 {Hort,
V-Steglich,W/Boeblingen 1985}) 10... h5 11. O-O Bb7 12. Rad1 Qb6 13. Kh1 c4 14.
Ng5 $14 {Lobron,E-Kilian,R/Germany 1984}) (9. Nd1 c4 10. Be2 b5 11. O-O Nb6 12.
c3 Bd7 13. Bf2 Qc7 14. Ne3 O-O-O 15. Bh4 Be7 16. Bf6 Bxf6 17. exf6 $14 {
Hebden,M-Guigonis,D/FRA-chT 1989}) 9... c4 (9... cxd4 10. Nxd4 Nxd4 11. Bxd4
Nb8 12. Qf2 Bd7 $2 13. Nxd5 exd5 14. e6 Bxe6 15. Bxh8 $18 {Magyar,
O-Rithnovszky,A/HUN 1995}) 10. Bxc4 $5 {Quite risky, nevertheless fully
justified decision.} dxc4 11. d5 exd5 (11... Nb4 $6 12. dxe6 fxe6 13. Ng5 Qa5 (
13... Qe7 14. Nce4) 14. Nxe6 Nxa2+ 15. Nxa2 Qxa2 16. Qc3 $40 {[%csl Re8][%cal
Ge6c7,Ge5e6]}) 12. Qxd5 Bh6 $6 {[%csl Rh6] Bishop has nothing to do h6. Much
better was} (12... Be7 $5 13. e6 Nf6 (13... fxe6) 14. Qxc4 Qa5 15. exf7+ Kf8
16. f5 Kg7 $132 {with exremly compicated position with mutual chances.}) 13. h4
$1 {[%cal Gh4h5]} O-O {[%csl Rg8]} (13... Qe7 14. Qxc4 Qe6 15. Qe2 $36) 14. h5
Ne7 (14... g5 15. fxg5 Bg7 16. g6 Ndxe5 17. h6 Bf6 18. Qe4 $16) 15. Qxc4 Nf5
16. Bf2 Bg7 17. hxg6 hxg6 18. g4 $5 {Even stronger was} (18. e6 fxe6 19. Qxe6+
Rf7 20. g4 Nh6 21. g5 Nf5 22. Qxg6 $18 {with decisive advantage.}) 18... Nh6
19. Nd5 {[%cal Gf2h4]} b5 20. Qc6 Rb8 21. Qd6 {[%cal Gd5e7]} Re8 22. Bh4 Qa5
23. Ne7+ Kh7 $2 {Losing on the spot.} (23... Rxe7 $8 24. Bxe7 Qxa2 25. f5 Qa1+
26. Kd2 Qxb2 27. f6 Bb7 28. Rb1 Qa2 29. fxg7 Bxf3 30. Rxh6 $18) 24. Ng5+ Kh8
25. Nxf7+ (25. Nxf7+ Nxf7 26. Bf6+ Nh6 27. Rxh6#) 1-0